Standard Arabic an elementary-intermediate course
Αποθηκεύτηκε σε:
| Συγγραφή απο Οργανισμό/Αρχή: | |
|---|---|
| Μορφή: | Ηχητικό |
| Γλώσσα: | Arabic |
| Δημοσίευση: |
Cambridge :
Cambridge University Press,
c2000-2001.
|
| Θέματα: | |
| Ετικέτες: |
Προσθήκη ετικέτας
Δεν υπάρχουν, Καταχωρήστε ετικέτα πρώτοι!
|
MARC
| LEADER | 00000cim a2200000 a 4500 | ||
|---|---|---|---|
| 001 | 1/121162 | ||
| 008 | 200327m2000####enk||z ||||| ara|| | ||
| 028 | 0 | 2 | |a 0521787394 |
| 040 | |a GR-MyUa |b gre |c GR-MyUa |e AACR2 | ||
| 041 | 0 | |a ara |g eng | |
| 082 | 7 | |a 492.7834 |2 (23) | |
| 245 | 0 | 0 | |a Standard Arabic |h [ηχογράφηση] : |b an elementary-intermediate course / |c Eckehard Schulz, Gunther, Wolfgang Reuschel. |
| 260 | |a Cambridge : |b Cambridge University Press, |c c2000-2001. | ||
| 300 | |a 2 κασέτες ήχου (Πλευρά 1 : 31:14, πλευρά 2 : 31:54, πλευρά 3 : 33:36, πλευρά 4 : 37:16) ; |c αναλογ., στέρεο. | ||
| 500 | |a These two cassettes contain the aural exercises and texts found in Standard Arabic : An elementary-intermediate course. The texts cover a wide range of topics and situations, including geography, current affairs, culture and sports, shopping, renting a car, visiting restaurants and hotels, and going to the doctor’s. | ||
| 650 | 0 | |a Arabic language |x Study and teaching |x Audio-visual aids. | |
| 650 | 0 | |a Arabic language |x Spoken arabic. | |
| 700 | 1 | |a Schulz, Eckehard, |e brd | |
| 700 | 1 | |a Krahl, Gunther, |e brd | |
| 700 | 1 | |a Reuschel, Wolfgang, |e brd | |
| 710 | 2 | |a Cambridge University Press. | |
| 920 | |a Δωρεά βιβλιοθήκης |y Ρόδος |z 2020-03 | ||
| 970 | |a Μαρία |b Κωτάκου |z 27-03-2020 | ||